| 000 | 00658nam a2200181 a 4500 | ||
|---|---|---|---|
| 001 | 000078581 | ||
| 005 | 20200120224322.0 | ||
| 008 | 990721s1996 ck a gr| 0 spa d | ||
| 082 | 0 | 4 |
_a342.02861 _bM45 _221 |
| 110 | 2 | _aMinisterio de Cultura | |
| 245 | 1 | 0 |
_aVeinte años de la constitución 1991-2011 / _cMinisterio de Cultura. |
| 260 |
_aBogotá : _bBiblioteca Nacional de Colombia, _c[s.a]. |
||
| 300 | _a2 afiches. | ||
| 500 | _aMaterial bibliografíco Donación Plan Nacional para Biblioteca Pública San Juan Bosco | ||
| 650 | 1 | 4 |
_aConstitución _y1991-2011 |
| 650 | 2 | 4 |
_aDerecho constitucional _y1991-2011 |
| 650 | 2 | 4 |
_aReformas constitucionales _y1991-2011 |
| 999 |
_c8985 _d8985 |
||